| 000 | 00707nam a2200181 a 4500 | ||
|---|---|---|---|
| 001 | 444 | ||
| 003 | CO-ViMGA | ||
| 008 | 141112s2004 ck r 000 u spa d | ||
| 040 |
_aCO-ViMGA _bspa _cCO-ViMGA |
||
| 082 | 0 | 4 | _a153.1 B353 |
| 100 | 1 |
_aBenedet, María Jesús _948261 |
|
| 245 | 1 | 0 |
_aEvaluación clínica de las quejas de memoria en la vida cotidiana / _cBenedet María Jesús , Seisdedos Nicolás |
| 260 |
_aMadrid : _bMedica PanAméricana, _c1996 |
||
| 300 | _a156 p | ||
| 505 | _aFundamento teórico de la investigación La memoria, La metamemoria; Memoria y envejecimeinto 17 - - El trabajo de investigsción Presentación y análisis de datos 61 | ||
| 650 | 1 | 4 |
_aMEMORIA _91063 |
| 942 |
_2ddc _cBK |
||
| 999 |
_c12686 _d12686 |
||